Ustrojčivyje metody ocenivanija /

Gespeichert in:
Bibliographische Detailangaben
Hauptverfasser: Smoljak, S.A (Verfasst von), Tutarenko, B.P (Verfasst von)
Format: Buch
Sprache:Russisch
Veröffentlicht: Moskva : Statistika, 1980
Tags: Tag hinzufügen
Keine Tags, Fügen Sie das erste Tag hinzu!

MARC

LEADER 00000nam a22000003a 4500
001 stu42136
005 20150617225719.5
008 940211s1980----xxr-----------------rus-d
040 |a STU  |b slo 
041 0 |a rus 
044 |a xxr 
100 1 |a Smoljak, S.A  |4 aut 
245 1 |a Ustrojčivyje metody ocenivanija /  |c [aut.]S.A. Smoljak, B.P. Tutarenko 
260 |a Moskva :  |b Statistika,  |c 1980 
300 |a 206 s 
700 1 |a Tutarenko, B.P  |4 aut 
996 |b 284M003311  |c M*4423-1  |l MMKN  |s A  |a 24  |w stu42136_0001